Speed: Rewrite the word - Statistiques

Statistiques générales
  • Ce quiz a été pris 150 fois
  • Le résultat moyen est 12 sur 18
Statistiques - réponses
Come on Faster % Correct
Make Make
100%
Take Take
99%
Tender Tender
99%
Split Split
98%
Short Short
96%
For For
95%
Feint Feint
94%
Oversight Oversight
85%
Bee Bee
73%
JetPunk JetPunk
63%
Pig Pig
62%
Intergovernmental Intergovernmental
58%
Dictionary Dictionary
41%
French French
38%
Fault Fault
36%
123456789 123456789
26%
Pirate Pirate
25%
Well Done Well Done
21%
Aucun quiz correspondant
Distribution des résultats
% des personnes avec chaque résultat
Percentile par nombre de réponses
Votre historique - résultats
Vous n’avez pas pris ce quiz